Economic systems and microeconomic theory / (Record no. 123897)

MARC details
000 -LEADER
fixed length control field 00623nam a22002177a 4500
005 - DATE AND TIME OF LATEST TRANSACTION
control field 20170124105932.0
010 ## - LIBRARY OF CONGRESS CONTROL NUMBER
LC control number A-835030
020 ## - INTERNATIONAL STANDARD BOOK NUMBER
Terms of availability 00.00
035 ## - SYSTEM CONTROL NUMBER
System control number A-835030
037 ## - SOURCE OF ACQUISITION
Source of stock number/acquisition Cen Lib/Ret
040 ## - CATALOGING SOURCE
Original cataloging agency DPL
Language of cataloging EN
082 ## - DEWEY DECIMAL CLASSIFICATION NUMBER
Classification number 338.5
Item number JAN
100 ## - MAIN ENTRY--PERSONAL NAME
Personal name Jangir, G. C.
9 (RLIN) 8428
245 ## - TITLE STATEMENT
Title Economic systems and microeconomic theory /
Statement of responsibility, etc by G. C. Jangir
260 ## - PUBLICATION, DISTRIBUTION, ETC. (IMPRINT)
Place of publication, distribution, etc Delhi
Name of publisher, distributor, etc Khosla Publishing House
Date of publication, distribution, etc 1980
270 ## - ADDRESS
Address Bungaloe Road
City Delhi
Postal code 110007
300 ## - PHYSICAL DESCRIPTION
Extent viii,272p.
Dimensions 21cm(Hb)
650 ## - SUBJECT ADDED ENTRY--TOPICAL TERM
Topical term or geographic name as entry element Macroeconomics
9 (RLIN) 70006
650 ## - SUBJECT ADDED ENTRY--TOPICAL TERM
Topical term or geographic name as entry element Economic development
9 (RLIN) 1481
942 ## - ADDED ENTRY ELEMENTS (KOHA)
Source of classification or shelving scheme Dewey Decimal Classification
Koha item type English Books
Classification part 338.5
Call number suffix JAN
Holdings
Withdrawn status Lost status Damaged status Not for loan Home library Current library Date acquired Source of acquisition Cost, normal purchase price Total Checkouts Full call number Barcode Date last seen Date checked out Copy number Cost, replacement price Price effective from Koha item type
        Central Library Central Library 12/06/2015 Cen Lib/Ret 0.00 1 338.5 JAN A-835030 04/03/2020 19/02/2020 1 0.00 12/06/2015 English Books

© Delhi Public Library
Hit Counter
free hit counter